Bioquímica (Record no. 87294)

MARC details
000 -LEADER
campo de control de longitud fija 00658nam a2200217 i 4500
001 - NÚMERO DE CONTROL
campo de control 87294
003 - IDENTIFICADOR DE NÚMERO DE CONTROL
campo de control ES-MaACL
005 - FECHA Y HORA DE LA ÚLTIMA TRANSACCIÓN
campo de control 20230906175635.0
007 - CAMPO FIJO DE DESCRIPCIÓN FÍSICA--INFORMACIÓN GENERAL
campo de control de longitud fija t|
008 - DATOS DE LONGITUD FIJA--INFORMACIÓN GENERAL
campo de control de longitud fija 041220s1978 sp ||||1| spa d
100 1# - ENTRADA PRINCIPAL--NOMBRE DE PERSONA
Nombre de persona Kruh, Jacques.
9 (RLIN) 68910
245 10 - MENCIÓN DEL TÍTULO
Título Bioquímica
Resto del título : estudios médicos y biológicos /
Mención de responsabilidad, etc. Jacques Kruh ; [traducido del francés por Jorge Camprubí].
250 ## - MENCION DE EDICION
Mención de edición 3ª ed. puesta al día.
260 ## - PUBLICACIÓN, DISTRIBUCIÓN, ETC.
Lugar de publicación, distribución, etc. Barcelona :
Nombre del editor, distribuidor, etc. Omega,
Fecha de publicación, distribución, etc. [1978]
300 ## - DESCRIPCIÓN FÍSICA
Extensión 537 p. :
Otras características físicas il. ;
Dimensiones 22 cm.
490 1# - MENCIÓN DE SERIE
Mención de serie Métodos
700 1# - ENTRADA AGREGADA--NOMBRE PERSONAL
Nombre de persona Camprubí, Jorge.
9 (RLIN) 34304
830 0# - PUNTO DE ACCESO ADICIONAL DE SERIE-TÍTULO UNIFORME
Título uniforme Métodos
9 (RLIN) 184579
852 ## - LOCALIZACIÓN
Ubicación ES-MaACL
Número de control de estantería L-1976
Sublocalización o colección R.102791
Holdings
Estatus retirado Estado de pérdida Estado de daño No para préstamo Biblioteca de origen Biblioteca actual Ubicación en estantería Fecha de adquisición Fuente de adquisición Total de préstamos Signatura topográfica completa Código de barras Visto por última vez Precio de reemplazo Tipo de ítem Koha
        Biblioteca del Ateneo de Madrid Biblioteca del Ateneo de Madrid Depósito 2 17/01/2008     L-1976 1091201 23/02/2023 23/02/2023 Libro impreso